مكتبة جامعة عجلون الوطنية

فهرس بحث المكتبة

تجديد النهضة باكتشاف الذات ونقدها: دعوة لتشخيص الموروث المجتمعي العربي واعادة تأسيس الثقافة العربية لعصر تنوير جديدة (Record no. 7023)

MARC details
000 -LEADER
fixed length control field 00945nam a2200205Ii 4500
003 - CONTROL NUMBER IDENTIFIER
control field JO-AjNU
008 - FIXED-LENGTH DATA ELEMENTS--GENERAL INFORMATION
fixed length control field 230605s9999||||xx |||||||||||||| ||und||
040 ## - CATALOGING SOURCE
Original cataloging agency JO-AjNU
Language of cataloging ara
Description conventions rda
Transcribing agency JO-AjNU
041 ## - LANGUAGE CODE
Language code of text/sound track or separate title ara
050 14 - LIBRARY OF CONGRESS CALL NUMBER
Classification number HN766 1992
100 3# - MAIN ENTRY--PERSONAL NAME
Personal name الانصاري، محمد جابر,
Relator term author
9 (RLIN) 13653
245 00 - TITLE STATEMENT
Title تجديد النهضة باكتشاف الذات ونقدها: دعوة لتشخيص الموروث المجتمعي العربي واعادة تأسيس الثقافة العربية لعصر تنوير جديدة
250 ## - EDITION STATEMENT
Edition statement ط1
264 31 - PRODUCTION, PUBLICATION, DISTRIBUTION, MANUFACTURE, AND COPYRIGHT NOTICE
Place of production, publication, distribution, manufacture بيروت، عمان: المؤسسة العربية للدراسات والنشر، دار الفارس للنشر والتوزيع، 1992
300 ## - PHYSICAL DESCRIPTION
Extent 371ص
Other physical details يحتوي على ببلوغرافية من 367-371ص
336 ## - CONTENT TYPE
Content type term text
Content type code txt
Source rdacontent
337 ## - MEDIA TYPE
Media type term unmediated
Media type code n
Source rdamedia
338 ## - CARRIER TYPE
Carrier type term volume
Carrier type code nc
Source rdacarrier
650 #4 - SUBJECT ADDED ENTRY--TOPICAL TERM
Topical term or geographic name entry element المجتمع العربي
9 (RLIN) 13654
Holdings
Withdrawn status Lost status Source of classification or shelving scheme Damaged status Not for loan Home library Current library Shelving location Date acquired Total Checkouts Full call number Barcode Date last seen Price effective from Koha item type
    Library of Congress Classification     مكتبة جامعة عجلون الوطنية مكتبة جامعة عجلون الوطنية المجموعات العامة 06/06/2023   HN766 1992 A3455 06/06/2023 06/06/2023 Books